000 00334nam a2200157Ia 4500
100 _aTanenbaum /Andrew S.
250 _a3
942 _cBK
654 _aNetworks
245 _aComputer Networks
260 _bPrentice Hall of India
_aNew Delhi
_c1996
082 _a4.65
_bTAN
300 _a813
546 _aENGLISH
999 _c20502
_d20502